=LDR 00000nam 2200000 4500 =001 INLIS000000000025056 =005 20130612123608 =008 ***********************************Ind** =035 ##$$0010-061300000025056 =041 ##$$a Ind =082 ##$$a 632.9 =090 ##$$a 632.9, Sud p =100 ##$$a Sudarmo, Subiyakto =245 ##$$a Pengendalian serangga hama sayuran dan palawija, Subiyakto Sudarmo =260 ##$$a 1990 $b Yogyakarta =300 ##$$a 51 hlm, 22 cm =650 ##$$a Hama tanaman =850 ##$$a NBPNMAT